| 000 | 00427cam a2200181ua 4500 | ||
|---|---|---|---|
| 001 | 1078 | ||
| 008 | 110427n ii |||gr||||Z||||||eng | ||
| 040 | _cMAIN | ||
| 082 | _a323.4 | ||
| 245 | 1 |
_aHuman rights. _cBy A N Sen. |
|
| 250 | _a1st. | ||
| 260 |
_aHariyana.: _bSai law publications., _c2002. |
||
| 300 |
_a540 p.: _c25 cm. |
||
| 653 | _aPolitical science. | ||
| 653 | _aHuman rights. | ||
| 700 | 1 | _aSen, A N., | |
| 942 | _cBK | ||
| 999 |
_c994 _d994 |
||